1377 1024 1244 1330 1674 1421 1051 1410 1636 1264 1676 1195 1968 1768 1434 1571 1419 1051 1663 1203 1316 1451 1405 1973 1779 1101 1347 1530 1733 1854 1695 1978 1019 1778 1410 1018 1606 1094 1331 1052 1303 1565 1450 1966 1392 1350 1243 1201 1357 1945 1961 1495 1433 1578 1656 1876 1785 1609 1535 1417 1395 1013 1095 1902 1193 1220 1810 1721 1304 1007 1930 1919 1323 1950 1103 1784 1134 1136 1012 1683 1884 1360 1619 1936 1381 1883 1826 1025 1330 1005 1342 1932 1588 1706 1106 1807 1292 1683 1249 BCNSPRNW ULIB Ver.6.0+V

เปลี่ยนเป็นภาษาไทย

Change to English
 แสดงรายละเอียดบรรณานุกรม
  กลับหน้าหลัก

Brief Record : Get Marc (ISO 2709) : E-mail record : QR code < ปิดหน้าต่าง
LEADER : 00000nam 2200000uu 4500
001    13399122682
003     ULIB
008    130828s2009||||th 000 0 tha d
020    ^a9780230205901 (paperback)
060    ^a WY85^bE21
100 1  ^aEdwards, Steven D.
245 10 ^aNursing ethics : ^ba principle-based approach / ^cSteven D. Edwards.
250    ^a2nd Revised edition.
260    ^a[S.l.] : ^bPalgrave Macmillan, ^c2009.
300    ^a256 p. ; ^c24 cm.
520    ^aStruggling to understand ethics? Feeling lost when trying to handle moral dilemmas in professional practice? Worried about helping patients to make decisions in an ethical way? Nursing Ethics is an introductory text which enables you to consider, understand and tackle difficult moral problems. It takes a principle-based approach, which provides a practical and easy-to-apply framework for addressing ethical dilemmas. The book includes clear descriptions of moral theories and concepts and is packed with case examples -- giving it immediate relevance to everyday nursing situations. As well as being significantly revised and updated, this new edition includes discussion of the Nursing and Midwifery Code (2008) and an entire chapter dedicated to genetics and the related complex ethical issues. Simple, clear and accessible -- Nursing Ethics is an essential purchase for all students and practitioners of nursing and health care.
650  2 Ethics, Nursing
945    ^p2280^l0^i033943
999    ^aเกษร โพธิ์สุวรรณ
รายการนี้ยังไม่มีแท็ก
คุณยังไม่ได้ล็อกอิน คุณสามารถมีกิจกรรมร่วมกับเว็บไซต์ได้ แต่ต้องล็อกอินก่อน ::
  ล็อกอิน

รายการสื่อสารสนเทศ

ลำดับที่ ประเภท เลขเรียก/บาร์โค้ด สถานที่ สถานะ
1. Book การพยาบาล
Book การพยาบาล
WY85 E21  
  Barcode: 033943
ห้องสมุดวิทยาเขตสวรรค์ประชารักษ์
►หนังสือทั่วไป
บนชั้น

รายการใกล้เคียง
    หัวเรื่อง [Ethics, Nursing]

BibComment


ยังไม่เคยถูกคอมเมนท์

คอมเมนท์ทรัพยากรรายการนี้
  คอมเมนท์: Nursing ethics ..


 Copyright 2026. Bcnsprnw @Library